The Mexican Year Book (Record no. 6053)

MARC details
000 -CABECERA
campo de control de longitud fija 00919nam a2200253 a 4500
001 - NÚMERO DE CONTROL
campo de control BRCA_6367
005 - FECHA Y HORA DE LA ÚLTIMA TRANSACCIÓN
campo de control 20190320205428.0
008 - DATOS DE LONGITUD FIJA--INFORMACIÓN GENERAL
campo de control de longitud fija 100311s1914----enka#####t---#000-0#eng-#
041 ## - CÓDIGO DE LENGUA
Código de lengua del texto/banda sonora o título independiente eng
044 ## - CÓDIGO DEL PAÍS DE LA ENTIDAD EDITORA/PRODUCTORA
Código MARC del país enk
050 #4 - SIGNATURA TOPOGRÁFICA DE LA BIBLIOTECA DEL CONGRESO
Número de clasificación HC132
Número de documento/Ítem .M49 2 1914
245 10 - MENCIÓN DE TÍTULO
Título The Mexican Year Book
Resto del título A Financial and Commercial Handbook, compiled from Official and other Returns, 1914.
260 ## - PUBLICACIÓN, DISTRIBUCIÓN, ETC.
Lugar de publicación, distribución, etc. Londres
Nombre del editor, distribuidor, etc. Mc Corquodale & Company Limited
Fecha de publicación, distribución, etc. 1914
300 ## - DESCRIPCIÓN FÍSICA
Extensión civ, 308 p.
Otras características físicas il. (algunas a color), 2 mapas plegables
Dimensiones 23 cm.
440 #0 - MENCIÓN DE SERIE/PUNTO DE ACCESO ADICIONAL--TÍTULO
Título The Mexican Year Book
Designación de volumen o secuencia 7
9 (RLIN) 15952
500 ## - NOTA GENERAL
Nota general Incluye índice de aranceles, índice general e índice alfabético de anunciantes
500 ## - NOTA GENERAL
Nota general Edición con canto de cabeza dorado
500 ## - NOTA GENERAL
Nota general Ver también CEF63 y H91
500 ## - NOTA GENERAL
Nota general CEF64
650 14 - PUNTO DE ACCESO ADICIONAL DE MATERIA--TÉRMINO DE MATERIA
Término de materia o nombre geográfico como elemento de entrada Finanzas
Subdivisión de forma Anuarios
Subdivisión geográfica México
9 (RLIN) 11370
651 #4 - PUNTO DE ACCESO ADICIONAL DE MATERIA--NOMBRE GEOGRÁFICO
Nombre geográfico México
Subdivisión de forma Anuarios
Subdivisión general Condiciones económicas
9 (RLIN) 14706
902 ## - CATALOGADOR
Iniciales GFM
942 ## - ELEMENTOS DE PUNTO DE ACCESO ADICIONAL (KOHA)
Fuente del sistema de clasificación o colocación Library of Congress Classification
Tipo de ítem Koha Libros
Holdings
Estado de retiro Estado de pérdida Estado dañado No para préstamo Localización permanente Ubicación/localización actual Fecha de adquisición Número de inventario Total de préstamos Signatura topográfica completa Código de barras Fecha visto por última vez Precio válido a partir de Tipo de ítem Koha
El ejemplar forma parte de la colección y puede ser consultado según las políticas vigentes.       Biblioteca del Museo Franz Mayer (Rogerio Casas-Alatriste) Biblioteca del Museo Franz Mayer (Rogerio Casas-Alatriste) 24/08/2011 CEF64   HC132 .M49 2 1914 (CEF64) 6814 22/03/2019 22/03/2019 Libros